00585nam a2200157Ia 4500008004100000041000800041082001500049100002200064245005700086260001300143365001600156700002200172906004000194999001900234952017400253230718s9999 xx 000 0 und d aeng a658.5bWAT aWaters D.9106600 aLogistics An Introduction To Supply Chain Management bPalgrave cRs.b472.00 aWaters D.9106600 dB:108090055904-Sep-2008cMGMTb94.4 c319578d319578 00104070aCCEPbCCEPd2008-11-05eVarma Book DistributorsfMGMTg377.60i1080900559l0o658.5pCCEP-BK-30785r2023-07-18 00:00:00t94.4v472.00w2008-09-04yBKz030785